000 00998nam a22002657a 4500
005 20140506150549.0
010 _aENG-109818
020 _a9788132113669
_c625.00
035 _aEN-93351
037 _bDBAD/PUB
082 _a001.42
100 _aAdams, John
245 0 0 _aResearch methods for business and social science students /
_cby John Adams, Hafiz T. A. Khan [and] Robert Raeside
250 _a2nd ed
260 _aNew Delhi
_bSage Publications
_c2014
270 _aB1/I-1 Mohan Cooperative Industrial Area Mathura Road
_bNew Delhi
_e110044
300 _axii,290p.
_c24cm(pbk)
500 _aRevised edition of: Research methods for graduate business and social science students / John Adams ... [et al.], published in 2007.
500 _a Includes bibliographical references.
650 _a Social sciences
_xResearch.
650 _aSocial sciences
_xMethodology.
700 _aKhan, Hafiz T. A.
700 _aRaeside, Robert
942 _2ddc
_cEN
_mADA
_h001.42
999 _c83841
_d83841